000 00943nam a22002417a 4500
005 20170124103153.0
010 _a731367
020 _c00.00
035 _a731367
037 _bCen Lib/Ret
040 _aDPL
_bHN
082 _a398
_bगुप्तस
100 _aगुप्त, सत्या
_988598
245 _aखड़ीबोली का लोक साहित्य /
_cसत्या गुप्त
246 _aKhadi boli ka lok sahitya
_bby Satya Gupt
300 _aअ:,494पृष्ठ.
_c20सेमी(सजिल्द)
500 _aसहायक ग्रन्थ सूची शामिल
650 _aहिंदी भाषा
_988599
650 _aखड़ीबोली की भाषागत सीमा
_982194
650 _aHindi language
_99446
650 _aKhariboli the linguistic border
_988600
942 _2ddc
_cHN
_h398
_mगुप्तस
999 _c120113
_d120113